[Event "FIDE WRBTC Blitz-Pool 2024"]
[Site "Astana"]
[Date "2024.08.05"]
[Round "1.24"]
[White "Allam, Yara"]
[Black "Sembay, Aisana"]
[Result "1-0"]
[WhiteElo "1920"]
[BlackElo "1527"]
[Annotator "RC"]
[PlyCount "40"]
[EventDate "2024.08.01"]
[EventType "team-tourn"]
[EventCountry "KAZ"]
[SourceTitle "playchess.com"]
[Source "ChessBase"]
[SourceQuality "1"]

1. e4 c5 2. Nf3 d6 3. d4 cxd4 4. Nxd4 Nf6 5. Nc3 g6 6. Be3 Bg7 7. Qd2 O-O 8. f3 Nc6 9. g4 d5 10. g5 Ne8 11. exd5 Nxd4 12. Bxd4 e6 13. Bxg7 Nxg7 14. O-O-O Qa5 15. Kb1 Bd7 16. Ne4 Qxd2 17. Rxd2 Rfd8 18. Nf6+ Kh8 19. Bc4 exd5 20. Bxd5 Bc6 1-0

[Event "FIDE WRBTC Blitz-Pool 2024"]
[Site "Astana"]
[Date "2024.08.05"]
[Round "1.24"]
[White "Tazhimyrzaev, Elzar"]
[Black "Karepov, Ilya"]
[Result "0-1"]
[WhiteElo "1885"]
[BlackElo "1719"]
[Annotator "NA"]
[PlyCount "31"]
[EventDate "2024.08.01"]
[EventType "team-tourn"]
[EventCountry "KAZ"]
[SourceTitle "playchess.com"]
[Source "ChessBase"]
[SourceQuality "1"]

1. e4 c6 2. d4 d5 3. Nc3 dxe4 4. f3 e3 5. Bxe3 Nf6 6. Bd3 g6 7. Qd2 Bf5 8. Ne4 Nbd7 9. Ne2 Qc7 10. Bf4 Qb6 11. c3 Nd5 12. Bg3 h5 13. Bf2 Bh6 14. Qc2 O-O-O 15. N2g3 Be6 16. Nd2 0-1

[Event "FIDE WRBTC Blitz-Pool 2024"]
[Site "Astana"]
[Date "2024.08.05"]
[Round "1.24"]
[White "Berikkyzy Alanna"]
[Black "Atbailar, Anuar"]
[Result "1-0"]
[WhiteElo "1869"]
[BlackElo "1456"]
[Annotator "NA"]
[PlyCount "98"]
[EventDate "2024.08.01"]
[EventType "team-tourn"]
[EventCountry "KAZ"]
[SourceTitle "playchess.com"]
[Source "ChessBase"]
[SourceQuality "1"]

1. e4 c5 2. Nf3 e6 3. d4 cxd4 4. Nxd4 Nf6 5. Nc3 Nc6 6. Ndb5 Bb4 7. a3 Bxc3+ 8. Nxc3 d5 9. exd5 exd5 10. Bd3 d4 11. Ne4 Qe7 12. O-O O-O 13. Bg5 Bf5 14. Nxf6+ gxf6 15. Bh6 Bxd3 16. Bxf8 Kxf8 17. Qxd3 Kg7 18. Rfe1 Qd6 19. b4 Ne5 20. Qg3+ Kh8 21. Kh1 Rg8 22. Qh4 Qc6 23. Qe4 Qd6 24. h3 Rg5 25. Rad1 Nc6 26. c3 Re5 27. Qd3 Rxe1+ 28. Rxe1 Ne5 29. Qxd4 Qe6 30. c4 Qf5 31. Qe4 Qe6 32. f4 Ng6 33. Qxe6 fxe6 34. Rxe6 Nxf4 35. Re8+ Kg7 36. Re7+ Kg6 37. Rxb7 Nd3 38. Rxa7 Nf2+ 39. Kg1 Ne4 40. c5 Kf5 41. c6 Nd6 42. Rxh7 Ke6 43. a4 Kd5 44. c7 Kc6 45. b5+ Kb7 46. h4 f5 47. h5 f4 48. Rg7 Kc8 49. b6 Nb7 1-0

[Event "FIDE WRBTC Blitz-Pool 2024"]
[Site "Astana"]
[Date "2024.08.05"]
[Round "1.25"]
[White "Ding, Liren"]
[Black "Sindarov, Javokhir"]
[Result "0-1"]
[WhiteElo "2745"]
[BlackElo "2674"]
[Annotator "TA"]
[PlyCount "110"]
[EventDate "2024.08.01"]
[EventType "team-tourn"]
[EventCountry "KAZ"]
[SourceTitle "playchess.com"]
[Source "ChessBase"]
[SourceQuality "1"]

1. d4 Nf6 2. c4 g6 3. Nf3 Bg7 4. e3 O-O 5. Be2 d6 6. Nc3 Nbd7 7. O-O e5 8. e4 h6 9. Re1 Qe7 10. Bf1 c6 11. d5 a5 12. h3 Nc5 13. b3 Bd7 14. Rb1 Rfc8 15. dxc6 bxc6 16. Ba3 Ne8 17. Rb2 Ne6 18. Rd2 c5 19. Bc1 Qd8 20. a4 Nd4 21. Nb5 Qe7 22. Nfxd4 cxd4 23. Ba3 Rc6 24. f4 Qh4 25. Rf2 exf4 26. Nxd4 Be5 27. Nxc6 Bxc6 28. Bb2 Nf6 29. Bd3 Re8 30. Ref1 Bxe4 31. Bxe4 Nxe4 32. Rc2 Qf6 33. Bxe5 dxe5 34. Qf3 Nc5 35. Qc3 Qb6 36. Kh2 Ne4 37. Qd3 Ng3 38. Rd1 e4 39. Qd6 Qxb3 40. Rcc1 e3 41. Qxf4 Ne2 42. Qf3 Nxc1 43. Rxc1 Qxa4 44. c5 e2 45. Re1 Qb4 46. Rxe2 Rxe2 47. Qxe2 Qxc5 48. Qa6 Kg7 49. h4 h5 50. g3 Qc2+ 51. Kh3 a4 52. Qa7 Qb3 53. Qd4+ Kh7 54. Kh2 a3 55. Kh3 a2 0-1

[Event "FIDE WRBTC Blitz-Pool 2024"]
[Site "Astana"]
[Date "2024.08.05"]
[Round "1.25"]
[White "Grischuk, Alexander"]
[Black "Williams, Justus"]
[Result "1-0"]
[WhiteElo "2708"]
[BlackElo "2361"]
[Annotator "ChessBase"]
[PlyCount "81"]
[EventDate "2024.08.01"]
[EventType "team-tourn"]
[EventCountry "KAZ"]
[SourceTitle "playchess.com"]
[Source "ChessBase"]
[SourceQuality "1"]

1. d4 d5 2. Nf3 Nf6 3. Bg5 Nbd7 4. e3 g6 5. c4 Bg7 6. Nc3 c6 7. cxd5 Nxd5 8. Bc4 N7b6 9. Bb3 h6 10. Bh4 O-O 11. O-O Be6 12. e4 Nc7 13. h3 a5 14. Re1 Bc4 15. Bxc4 Nxc4 16. Qb3 Nd6 17. Rad1 b5 18. Qc2 Re8 19. a4 Rc8 20. Bg3 Ne6 21. Be5 Qb6 22. Bxg7 Kxg7 23. b3 b4 24. Ne2 c5 25. d5 Nd4 26. Nexd4 cxd4 27. Qb2 Rc3 28. Nxd4 Kh7 29. e5 Nb7 30. Nb5 Rc5 31. Qd4 Rd8 32. d6 e6 33. Qf4 Rd7 34. Re3 Qc6 35. Nd4 Qd5 36. Ree1 Nxd6 37. Nf3 Qxb3 38. exd6 Rf5 39. Qe4 Qxa4 40. Ne5 Rd8 41. d7 1-0

[Event "FIDE WRBTC Blitz-Pool 2024"]
[Site "Astana"]
[Date "2024.08.05"]
[Round "1.26"]
[White "Ishmukhametov, Adil"]
[Black "Svidler, Peter"]
[Result "0-1"]
[WhiteElo "2077"]
[BlackElo "2698"]
[Annotator "ChessBase"]
[PlyCount "72"]
[EventDate "2024.08.01"]
[EventType "team-tourn"]
[EventCountry "KAZ"]
[SourceTitle "playchess.com"]
[Source "ChessBase"]
[SourceQuality "1"]

1. e4 c5 2. c4 Nc6 3. Nc3 g6 4. g3 Bg7 5. Bg2 a6 6. Rb1 Rb8 7. a4 d6 8. Nge2 Bg4 9. O-O Bxe2 10. Qxe2 Nf6 11. d3 O-O 12. f4 Ne8 13. f5 Nc7 14. Bd2 b5 15. axb5 axb5 16. cxb5 Nxb5 17. Nxb5 Rxb5 18. Bc3 Qb6 19. Bxg7 Kxg7 20. Qf2 f6 21. g4 Ne5 22. g5 Nxd3 23. Qh4 fxg5 24. Qxg5 Rf6 25. Kh1 Rxb2 26. Rxb2 Qxb2 27. fxg6 hxg6 28. Qe3 Nf2+ 29. Kg1 Ng4 30. Qg3 Qd4+ 31. Kh1 Nf2+ 32. Rxf2 Qxf2 33. Qc3 Qd4 34. Qc1 c4 35. h4 c3 36. h5 Qd2 0-1

[Event "FIDE WRBTC Blitz-Pool 2024"]
[Site "Astana"]
[Date "2024.08.05"]
[Round "1.27"]
[White "Mamedyarov, Shakhriyar"]
[Black "Sakenov, Askar"]
[Result "1-0"]
[WhiteElo "2733"]
[BlackElo "1715"]
[Annotator "TA"]
[PlyCount "49"]
[EventDate "2024.08.01"]
[EventType "team-tourn"]
[EventCountry "KAZ"]
[SourceTitle "playchess.com"]
[Source "ChessBase"]
[SourceQuality "1"]

1. d4 d5 2. c4 dxc4 3. Nf3 a6 4. e3 b5 5. a4 Bb7 6. b3 cxb3 7. axb5 axb5 8. Bxb5+ c6 9. Rxa8 Bxa8 10. Bc4 e6 11. O-O Nf6 12. Qxb3 Bd6 13. Nbd2 O-O 14. e4 Be7 15. Qc2 Nbd7 16. Bb2 Qa5 17. h3 Rd8 18. Ra1 Qh5 19. Bc3 Nf8 20. Ra5 Qh6 21. Qa4 Bb7 22. Ra7 Bc8 23. Rxe7 Ng6 24. Qa5 Rf8 25. Rc7 1-0

[Event "FIDE WRBTC Blitz-Pool 2024"]
[Site "Astana"]
[Date "2024.08.05"]
[Round "1.27"]
[White "Yu, Yangyi"]
[Black "Yakubboev, Nodirbek"]
[Result "1-0"]
[WhiteElo "2703"]
[BlackElo "2655"]
[Annotator "ChessBase"]
[PlyCount "85"]
[EventDate "2024.08.01"]
[EventType "team-tourn"]
[EventCountry "KAZ"]
[SourceTitle "playchess.com"]
[Source "ChessBase"]
[SourceQuality "1"]

1. e4 e5 2. Nf3 Nc6 3. Bb5 Nf6 4. d3 d6 5. O-O Bd7 6. c3 g6 7. Re1 Bg7 8. Nbd2 O-O 9. Nf1 Nh5 10. a4 h6 11. Ng3 Nxg3 12. hxg3 Bg4 13. a5 a6 14. Bc4 Qd7 15. Be3 Kh7 16. Qd2 Rae8 17. b4 Nd8 18. d4 exd4 19. Bxd4 Nc6 20. Bxg7 Kxg7 21. Bd5 Bxf3 22. gxf3 Ne5 23. Kg2 c6 24. Bb3 h5 25. Rad1 h4 26. Rh1 Rh8 27. Qd4 h3+ 28. Kf1 f6 29. Qxd6 Qxd6 30. Rxd6 Re7 31. Ke2 f5 32. f4 Nf7 33. Re6 Rd7 34. e5 Rhd8 35. Rxh3 Rd2+ 36. Kf1 Rb2 37. Bc4 Rd7 38. Re8 Rd1+ 39. Kg2 Rdd2 40. Re7 Rxf2+ 41. Kg1 Rg2+ 42. Kf1 Rgf2+ 43. Ke1 1-0

[Event "FIDE WRBTC Blitz-Pool 2024"]
[Site "Astana"]
[Date "2024.08.05"]
[Round "1.28"]
[White "Vakhidov, Jakhongir"]
[Black "Ju, Wenjun"]
[Result "1-0"]
[WhiteElo "2571"]
[BlackElo "2563"]
[Annotator "ChessBase"]
[PlyCount "81"]
[EventDate "2024.08.01"]
[EventType "team-tourn"]
[EventCountry "KAZ"]
[SourceTitle "playchess.com"]
[Source "ChessBase"]
[SourceQuality "1"]

1. c4 e6 2. Nc3 d5 3. d4 Nf6 4. cxd5 exd5 5. Bg5 c6 6. e3 Bf5 7. Qf3 Bg6 8. Bxf6 Qxf6 9. Qxf6 gxf6 10. h4 h5 11. Rd1 Nd7 12. Bd3 Nb6 13. Nge2 Bd6 14. Rh3 a5 15. Rf3 Ke7 16. e4 dxe4 17. Nxe4 Bxe4 18. Bxe4 Rad8 19. Rb3 Bb4+ 20. Kf1 Nc4 21. Kg1 c5 22. a3 a4 23. Rf3 Ba5 24. Bxb7 Rb8 25. Bd5 Nxb2 26. Rc1 c4 27. Bxc4 Rhc8 28. Bd5 Rxc1+ 29. Nxc1 Nd1 30. Ne2 Rb2 31. Ng3 Nc3 32. Bc6 Ra2 33. Nf5+ Kd8 34. Kh2 Rxa3 35. d5 Ra2 36. d6 Ne2 37. Re3 Kc8 38. Re8+ Bd8 39. Ne7+ Kb8 40. Rxd8+ Ka7 41. Nd5 1-0

[Event "FIDE WRBTC Blitz-Pool 2024"]
[Site "Astana"]
[Date "2024.08.05"]
[Round "1.28"]
[White "Bakyt, Ansar"]
[Black "Sadvakasov, Darmen"]
[Result "0-1"]
[WhiteElo "1488"]
[BlackElo "2629"]
[Annotator "ChessBase"]
[PlyCount "84"]
[EventDate "2024.08.01"]
[EventType "team-tourn"]
[EventCountry "KAZ"]
[SourceTitle "playchess.com"]
[Source "ChessBase"]
[SourceQuality "1"]

1. e4 c5 2. Nf3 d6 3. d4 cxd4 4. Nxd4 Nf6 5. Nc3 a6 6. Be3 e5 7. Nf3 Qc7 8. Be2 Be7 9. O-O O-O 10. Bg5 Nbd7 11. Bxf6 Nxf6 12. h3 b5 13. a3 Bb7 14. Bd3 Rfd8 15. Re1 Rac8 16. Rc1 Qb6 17. Qe2 g6 18. Red1 Bf8 19. Re1 Nh5 20. Qd2 Nf4 21. Ne2 Bh6 22. Nxf4 Bxf4 23. Qe2 Bxc1 24. Rxc1 Kg7 25. Qd2 d5 26. exd5 Rxd5 27. Re1 f6 28. Qe2 Rd7 29. c3 Rcd8 30. Be4 Bxe4 31. Qxe4 Rd1 32. Qe2 Rxe1+ 33. Qxe1 Qd6 34. Kh2 e4+ 35. g3 exf3 36. Qe3 Qe5 37. Qa7+ Kh6 38. Qxa6 Rd2 39. Qb6 Qe1 40. h4 Qxf2+ 41. Kh3 Qxb6 42. Kg4 f5+ 0-1

[Event "FIDE WRBTC Blitz-Pool 2024"]
[Site "Astana"]
[Date "2024.08.05"]
[Round "1.29"]
[White "Xu, Xiangyu"]
[Black "Nurman, Alua"]
[Result "1-0"]
[WhiteElo "2628"]
[BlackElo "2324"]
[Annotator "ChessBase"]
[PlyCount "135"]
[EventDate "2024.08.01"]
[EventType "team-tourn"]
[EventCountry "KAZ"]
[SourceTitle "playchess.com"]
[Source "ChessBase"]
[SourceQuality "1"]

1. d4 Nf6 2. Bg5 Ne4 3. Bf4 d5 4. e3 e6 5. Bd3 Nf6 6. Nf3 Bd6 7. Ne5 O-O 8. Nd2 c5 9. c3 Qc7 10. Bg3 Nfd7 11. Ndf3 Nxe5 12. dxe5 Be7 13. h4 h6 14. Bc2 c4 15. Bb1 Nd7 16. Qc2 g6 17. h5 Nc5 18. hxg6 Nd3+ 19. Kf1 fxg6 20. Qe2 Kg7 21. Bxd3 cxd3 22. Qxd3 Bd7 23. Bf4 Rh8 24. Nd4 Rac8 25. Kg1 Qc4 26. Qxc4 Rxc4 27. Rd1 b5 28. a3 a5 29. e4 g5 30. Be3 dxe4 31. Nb3 Bc8 32. Nxa5 Rc7 33. Kh2 Rd7 34. Rxd7 Bxd7 35. Rd1 Bc8 36. Rd4 Bd8 37. Nc6 Bc7 38. Rb4 Bd7 39. Nd4 Bxe5+ 40. Kg1 Rb8 41. Nb3 Bc6 42. Bd4 Kf6 43. Nd2 Kf5 44. Bxe5 Kxe5 45. Nc4+ Kd5 46. a4 Kc5 47. Nd2 Rd8 48. Nb3+ Kb6 49. Nd4 e5 50. Nxc6 Kxc6 51. axb5+ Kc5 52. Rxe4 Rd1+ 53. Kh2 Kd5 54. f3 Rb1 55. b4 Rb3 56. c4+ Ke6 57. c5 Kd5 58. b6 Kc6 59. Rxe5 Rxb4 60. Kg3 Rc4 61. Re7 Rxc5 62. Rc7+ Kxb6 63. Rxc5 Kxc5 64. Kg4 Kd4 65. Kh5 Ke5 66. Kxh6 Kf5 67. Kh5 Kf4 68. g4 1-0

[Event "FIDE WRBTC Blitz-Pool 2024"]
[Site "Astana"]
[Date "2024.08.05"]
[Round "1.29"]
[White "Assaubayeva, Bibisara"]
[Black "Aitmukhanova, Dinara"]
[Result "1/2-1/2"]
[WhiteElo "2470"]
[BlackElo "1611"]
[Annotator "RC"]
[PlyCount "33"]
[EventDate "2024.08.01"]
[EventType "team-tourn"]
[EventCountry "KAZ"]
[SourceTitle "playchess.com"]
[Source "ChessBase"]
[SourceQuality "1"]

1. d4 f6 2. e4 e6 3. Nc3 Nc6 4. Nf3 Bb4 5. Bd3 a6 6. O-O Nge7 7. Bd2 b5 8. a3 Ba5 9. b4 Bb6 10. d5 Ne5 11. Nxe5 fxe5 12. Qh5+ Ng6 13. Bg5 O-O 14. Bxd8 Rxd8 15. Ne2 exd5 16. exd5 Bb7 17. Bxg6 1/2-1/2

[Event "FIDE WRBTC Blitz-Pool 2024"]
[Site "Astana"]
[Date "2024.08.05"]
[Round "1.30"]
[White "Khassenov, Mansur"]
[Black "Pang, Bo"]
[Result "0-1"]
[WhiteElo "1982"]
[BlackElo "1400"]
[Annotator "ChessBase"]
[PlyCount "90"]
[EventDate "2024.08.01"]
[EventType "team-tourn"]
[EventCountry "KAZ"]
[SourceTitle "playchess.com"]
[Source "ChessBase"]
[SourceQuality "1"]

1. c4 e6 2. Nc3 d5 3. d4 c6 4. e4 dxe4 5. Nxe4 Bb4+ 6. Bd2 Qxd4 7. Bxb4 Qxe4+ 8. Be2 Na6 9. Bd6 e5 10. Nf3 f6 11. O-O Bf5 12. c5 Ne7 13. Bxe7 Kxe7 14. Qd6+ Kf7 15. Bxa6 bxa6 16. Rfe1 Qd5 17. Qc7+ Qd7 18. Qa5 Qb7 19. Rad1 Rhe8 20. Rd6 Be6 21. Qd2 Bd5 22. b3 Rad8 23. Rxd8 Rxd8 24. Nh4 Qd7 25. Qe3 Be6 26. Rf1 Qd4 27. Qg3 g5 28. Nf3 Qf4 29. Qxf4 gxf4 30. h3 e4 31. Nh4 Rd2 32. a4 Bxb3 33. Nf5 Bxa4 34. Nd6+ Ke6 35. Nxe4 Rd1 36. Rxd1 Bxd1 37. Kf1 Bb3 38. Ke2 Bd5 39. Nd6 Bxg2 40. h4 a5 41. f3 Kd5 42. Ne4 f5 43. Nd6 Bh3 44. Nb7 a4 45. Kd3 a3 0-1

[Event "FIDE WRBTC Blitz-Pool 2024"]
[Site "Astana"]
[Date "2024.08.05"]
[Round "1.30"]
[White "Abdikayim, Muhammedgali"]
[Black "Ayapov, Alimzhan"]
[Result "0-1"]
[WhiteElo "1521"]
[BlackElo "2001"]
[Annotator "ChessBase"]
[PlyCount "78"]
[EventDate "2024.08.01"]
[EventType "team-tourn"]
[EventCountry "KAZ"]
[SourceTitle "playchess.com"]
[Source "ChessBase"]
[SourceQuality "1"]

1. e4 c6 2. d4 d5 3. exd5 cxd5 4. Bd3 Nc6 5. c3 Nf6 6. Nf3 Bg4 7. Bf4 e6 8. Nbd2 Bd6 9. Bxd6 Qxd6 10. O-O O-O 11. h3 Bh5 12. Re1 Qc7 13. Qb3 Bg6 14. Bxg6 hxg6 15. Ng5 Rfc8 16. Re2 Rab8 17. Rae1 b5 18. Ngf3 b4 19. cxb4 Nxb4 20. Ne5 Nc2 21. Qf3 Nxd4 22. Qe3 Nxe2+ 23. Rxe2 Rxb2 24. Ndf3 Rb1+ 25. Kh2 Ne4 26. g3 Qc1 27. Qxc1 Rcxc1 28. Ng5 Rh1+ 29. Kg2 Rbg1+ 30. Kf3 Nxg5+ 31. Kf4 Nxh3+ 32. Ke3 Re1 33. Rxe1 Rxe1+ 34. Kd2 Rxe5 35. Kd3 Nxf2+ 36. Kd4 Re4+ 37. Kc3 Rc4+ 38. Kb2 Nd3+ 39. Kb1 Rc1# 0-1

[Event "FIDE WRBTC Blitz-Pool 2024"]
[Site "Astana"]
[Date "2024.08.05"]
[Round "1.31"]
[White "Makhnev, Denis"]
[Black "Teclaf, Pawel"]
[Result "0-1"]
[WhiteElo "2551"]
[BlackElo "2553"]
[Annotator "ChessBase"]
[PlyCount "59"]
[EventDate "2024.08.01"]
[EventType "team-tourn"]
[EventCountry "KAZ"]
[SourceTitle "playchess.com"]
[Source "ChessBase"]
[SourceQuality "1"]

1. d4 e6 2. c4 b6 3. e4 Bb4+ 4. Nc3 Bb7 5. Bd3 f5 6. d5 fxe4 7. Bxe4 Nf6 8. Bf3 Bxc3+ 9. bxc3 O-O 10. dxe6 Nc6 11. Ne2 dxe6 12. O-O Qxd1 13. Rxd1 Rab8 14. Nf4 Rfe8 15. Re1 Na5 16. Bxb7 Rxb7 17. c5 e5 18. Nd3 Nc4 19. Bg5 Rbb8 20. a4 a5 21. Bxf6 gxf6 22. Re4 Rbd8 23. Rd1 Rd5 24. Rxc4 Red8 25. cxb6 cxb6 26. Rc6 Rxd3 27. Rxd3 Rxd3 28. g3 e4 29. Rxb6 Rxc3 30. Rb5 0-1

[Event "FIDE WRBTC Blitz-Pool 2024"]
[Site "Astana"]
[Date "2024.08.05"]
[Round "1.31"]
[White "Utegaliyev, Azamat"]
[Black "Bulatov, Ramil"]
[Result "1-0"]
[WhiteElo "2418"]
[BlackElo "2137"]
[Annotator "ChessBase"]
[PlyCount "67"]
[EventDate "2024.08.01"]
[EventType "team-tourn"]
[EventCountry "KAZ"]
[SourceTitle "playchess.com"]
[Source "ChessBase"]
[SourceQuality "1"]

1. g3 d5 2. Bg2 g6 3. Nf3 Bg7 4. O-O e5 5. d3 Ne7 6. Nc3 d4 7. Ne4 f5 8. Ned2 c5 9. c3 Nbc6 10. Qb3 Qb6 11. Qxb6 axb6 12. Nc4 Ra6 13. cxd4 exd4 14. Bf4 O-O 15. Bc7 Nd5 16. Bd6 Rd8 17. Ng5 Nce7 18. a4 h6 19. Nf3 Be6 20. Nfd2 Nc8 21. Bb8 Nce7 22. Bd6 Nc8 23. Be5 Bxe5 24. Nxe5 Nd6 25. Nxg6 Rda8 26. Bxd5 Bxd5 27. Ne7+ Kf7 28. Nxd5 Rxa4 29. Rxa4 Rxa4 30. Nxb6 Rb4 31. Ndc4 Nxc4 32. Nxc4 b5 33. Na3 Rxb2 34. Rb1 1-0

[Event "FIDE WRBTC Blitz-Pool 2024"]
[Site "Astana"]
[Date "2024.08.05"]
[Round "1.32"]
[White "Gareyev, Timur"]
[Black "Zhalmakhanov, Ramazan"]
[Result "1-0"]
[WhiteElo "2541"]
[BlackElo "2497"]
[Annotator "ChessBase"]
[PlyCount "77"]
[EventDate "2024.08.01"]
[EventType "team-tourn"]
[EventCountry "KAZ"]
[SourceTitle "playchess.com"]
[Source "ChessBase"]
[SourceQuality "1"]

1. c4 e5 2. d3 Nf6 3. Nf3 Nc6 4. Nc3 Bb4 5. e4 d6 6. Be2 O-O 7. O-O Bg4 8. Ng5 Bxc3 9. bxc3 Bxe2 10. Qxe2 h6 11. Nh3 Nd7 12. g4 g5 13. f3 a6 14. Nf2 Nc5 15. Nh1 Ne6 16. Ng3 Ne7 17. Rb1 Rb8 18. h4 Ng6 19. Nf5 Nef4 20. Qh2 gxh4 21. Nxh6+ Kh7 22. Nf5 Rh8 23. d4 b5 24. c5 Kg8 25. Rd1 Qf6 26. cxd6 cxd6 27. Be3 Rc8 28. dxe5 dxe5 29. Rd6 Qg5 30. Qd2 Kh7 31. Rd1 Rhf8 32. Kh2 h3 33. Rxa6 Rcd8 34. Rd6 Rxd6 35. Qxd6 Ra8 36. Rd2 Kg8 37. Qc6 Ra3 38. Qe8+ Nf8 39. Qxe5 1-0

[Event "FIDE WRBTC Blitz-Pool 2024"]
[Site "Astana"]
[Date "2024.08.05"]
[Round "1.33"]
[White "Urazayev, Arystanbek"]
[Black "Bernadskiy, Vitaliy"]
[Result "1-0"]
[WhiteElo "2466"]
[BlackElo "2530"]
[Annotator "ChessBase"]
[PlyCount "101"]
[EventDate "2024.08.01"]
[EventType "team-tourn"]
[EventCountry "KAZ"]
[SourceTitle "playchess.com"]
[Source "ChessBase"]
[SourceQuality "1"]

1. e4 c5 2. Nf3 d6 3. d4 cxd4 4. Nxd4 Nf6 5. Nc3 Nc6 6. Bg5 e6 7. Qd3 a6 8. O-O-O Bd7 9. Be2 h6 10. Nxc6 Bxc6 11. Bf4 d5 12. exd5 Nxd5 13. Nxd5 Qxd5 14. Bf3 Qxd3 15. Bxc6+ bxc6 16. Rxd3 Be7 17. Rhd1 Bg5 18. Bxg5 hxg5 19. h3 Ke7 20. Rd7+ Kf6 21. R1d3 Kg6 22. Kd2 Rab8 23. b3 Rb5 24. Rc7 Ra5 25. a4 Rf5 26. f3 c5 27. Ra7 c4 28. bxc4 Rc8 29. Rd4 Ra5 30. Rdd7 Rf8 31. Kc3 Rxa4 32. c5 Ra5 33. Kb4 Rb5+ 34. Kc4 Rb2 35. c3 Rxg2 36. c6 Rc8 37. c7 Rg3 38. Rd8 Rxc7+ 39. Rxc7 Rxf3 40. Rd3 Rf4+ 41. Kb3 e5 42. c4 e4 43. Rc3 Rf3 44. c5 f5 45. c6 g4 46. hxg4 fxg4 47. Rd7 g3 48. c7 g2 49. Rd1 Rf1 50. Rg3+ Kh7 51. Rxg2 1-0

[Event "FIDE WRBTC Blitz-Pool 2024"]
[Site "Astana"]
[Date "2024.08.05"]
[Round "1.33"]
[White "Askarov, Bakhtiyar"]
[Black "Ishmukhamedov, Akhmet"]
[Result "1-0"]
[WhiteElo "2280"]
[BlackElo "1978"]
[Annotator "RC"]
[PlyCount "89"]
[EventDate "2024.08.01"]
[EventType "team-tourn"]
[EventCountry "KAZ"]
[SourceTitle "playchess.com"]
[Source "ChessBase"]
[SourceQuality "1"]

1. d4 Nf6 2. Bg5 e6 3. e4 h6 4. Bxf6 Qxf6 5. Nf3 b6 6. Bd3 Bb7 7. O-O d6 8. a4 a5 9. Re1 e5 10. d5 Be7 11. Bb5+ c6 12. dxc6 Bxc6 13. Nc3 Bd8 14. Qd5 O-O 15. Bxc6 Ra7 16. Bb5 Qg6 17. Rad1 Nd7 18. Qxd6 Nf6 19. Nxe5 Qg5 20. Nf3 Qg4 21. h3 Qc8 22. e5 Nh5 23. e6 Be7 24. exf7+ Rxf7 25. Qe6 Qf8 26. Ne5 Nf4 27. Qxf7+ Qxf7 28. Nxf7 Kxf7 29. Nd5 Nxd5 30. Rxd5 Bc5 31. Rd7+ Rxd7 32. Bxd7 Kf6 33. g3 Bd4 34. c3 Bc5 35. Kg2 g5 36. Re6+ Kg7 37. Be8 Kh7 38. Bh5 Kg7 39. f4 gxf4 40. gxf4 Kh7 41. Kf3 Kg7 42. Ke4 Kh7 43. f5 Kg7 44. f6+ Kf8 45. Re8# 1-0

[Event "FIDE WRBTC Blitz-Pool 2024"]
[Site "Astana"]
[Date "2024.08.05"]
[Round "1.34"]
[White "Gumularz, Szymon"]
[Black "Agmanov, Zhandos"]
[Result "1/2-1/2"]
[WhiteElo "2571"]
[BlackElo "2458"]
[Annotator "ChessBase"]
[PlyCount "87"]
[EventDate "2024.08.01"]
[EventType "team-tourn"]
[EventCountry "KAZ"]
[SourceTitle "playchess.com"]
[Source "ChessBase"]
[SourceQuality "1"]

1. Nf3 Nf6 2. c4 e6 3. e3 d5 4. b3 Bd6 5. Bb2 O-O 6. Nc3 c5 7. cxd5 exd5 8. d4 Nc6 9. Be2 Re8 10. dxc5 Bxc5 11. O-O h6 12. Rc1 Be7 13. h3 Be6 14. Bd3 Rc8 15. Ne2 Ne4 16. Nf4 Bf6 17. Bxf6 Qxf6 18. Qe2 a6 19. a3 Red8 20. Nxe6 Qxe6 21. Qb2 Qe7 22. Rfd1 Re8 23. b4 Rcd8 24. Bb1 Ng5 25. Nxg5 Qxg5 26. Rc5 Ne5 27. Qe2 Ng6 28. Bxg6 fxg6 29. Qa2 Re5 30. f4 Qh5 31. Rd3 Qf5 32. Qd2 Ree8 33. Rcxd5 Rxd5 34. Rxd5 Qe4 35. Rd3 Kh7 36. Rc3 b5 37. Qd3 Qe6 38. Kh2 Re7 39. Rc5 Qxe3 40. Qd6 Re6 41. Qb8 Re8 42. Qd6 Re6 43. Qb8 Re8 44. Qd6 1/2-1/2

[Event "FIDE WRBTC Blitz-Pool 2024"]
[Site "Astana"]
[Date "2024.08.05"]
[Round "1.34"]
[White "Lysakov, Anton"]
[Black "Aligozhin, Zhaslan"]
[Result "0-1"]
[WhiteElo "1947"]
[BlackElo "2333"]
[Annotator "ChessBase"]
[PlyCount "94"]
[EventDate "2024.08.01"]
[EventType "team-tourn"]
[EventCountry "KAZ"]
[SourceTitle "playchess.com"]
[Source "ChessBase"]
[SourceQuality "1"]

1. e4 c5 2. Nf3 d6 3. Bb5+ Nc6 4. O-O Bd7 5. Re1 Nf6 6. c3 a6 7. Bf1 Bg4 8. d3 e6 9. Be3 Be7 10. h3 Bh5 11. Nbd2 O-O 12. Be2 b5 13. Nh2 Bxe2 14. Qxe2 d5 15. exd5 exd5 16. Bg5 h6 17. Bh4 Re8 18. Qf3 Qd7 19. Nb3 c4 20. dxc4 bxc4 21. Nd4 Nxd4 22. cxd4 Rab8 23. Bxf6 Bxf6 24. Qc3 h5 25. Nf3 Qb5 26. Rxe8+ Rxe8 27. Re1 Rxe1+ 28. Nxe1 Qa4 29. Nf3 Qxa2 30. Qb4 Qb3 31. Qc5 Qxb2 32. Qc8+ Kh7 33. Qf5+ Kh6 34. Qf4+ Kg6 35. g4 Qb1+ 36. Kg2 Qe4 37. gxh5+ Kxh5 38. Qg3 Qg6 39. Kf1 Qxg3 40. fxg3 Kg6 41. Ke2 Kf5 42. Kd2 Ke4 43. Ne1 Bxd4 44. Nc2 Be5 45. g4 d4 46. Nb4 Bf4+ 47. Kd1 a5 0-1

[Event "FIDE WRBTC Blitz-Pool 2024"]
[Site "Astana"]
[Date "2024.08.05"]
[Round "1.35"]
[White "Kamalidenova, Meruert"]
[Black "Kulon, Klaudia"]
[Result "1-0"]
[WhiteElo "2352"]
[BlackElo "2415"]
[Annotator "ChessBase"]
[PlyCount "79"]
[EventDate "2024.08.01"]
[EventType "team-tourn"]
[EventCountry "KAZ"]
[SourceTitle "playchess.com"]
[Source "ChessBase"]
[SourceQuality "1"]

1. e4 e5 2. Nf3 Nc6 3. d4 exd4 4. Nxd4 Nf6 5. Nc3 Bb4 6. Nxc6 bxc6 7. Bd3 O-O 8. O-O d5 9. exd5 cxd5 10. Bg5 Be7 11. Qf3 c6 12. Rfe1 h6 13. Bxh6 gxh6 14. Qe3 Ne4 15. Nxe4 Bg5 16. Nxg5 Qxg5 17. Qd4 Qg7 18. Qc5 Bd7 19. Re3 Qxb2 20. Rf1 Qf6 21. Rf3 Qh4 22. Qd6 Rad8 23. Qe5 f6 24. Qe7 Rfe8 25. Qh7+ Kf8 26. Bg6 Be6 27. Qh8+ Ke7 28. Qg7+ Kd6 29. Bxe8 Rxe8 30. Rxf6 Re7 31. Qf8 Kd7 32. Rf4 Qg5 33. Rb4 Kd6 34. Qd8+ Bd7 35. Qb8+ Kc5 36. Ra4 a5 37. Rxa5+ Kd4 38. Ra4+ Kc3 39. Qb3+ Kd2 40. Qd3# 1-0

[Event "FIDE WRBTC Blitz-Pool 2024"]
[Site "Astana"]
[Date "2024.08.05"]
[Round "1.35"]
[White "Nasybullina, Alfia"]
[Black "Minnekhanov, Eldar"]
[Result "1-0"]
[WhiteElo "2034"]
[BlackElo "1750"]
[Annotator "ChessBase"]
[PlyCount "56"]
[EventDate "2024.08.01"]
[EventType "team-tourn"]
[EventCountry "KAZ"]
[SourceTitle "playchess.com"]
[Source "ChessBase"]
[SourceQuality "1"]

1. e4 d6 2. Nc3 Nf6 3. Nf3 c6 4. g3 e5 5. Bg2 Be7 6. O-O O-O 7. d4 Qc7 8. Re1 Nbd7 9. h3 b5 10. a3 Re8 11. d5 Bb7 12. Bf1 a6 13. dxc6 Bxc6 14. Nh4 Nc5 15. Bg2 g6 16. Nd5 Nxd5 17. exd5 Bxh4 18. gxh4 Bd7 19. h5 Qc8 20. Qf3 e4 21. Qg3 Qd8 22. Qxd6 Rc8 23. Be3 Nb7 24. Qf4 Bf5 25. Bd4 Qd6 26. Qh6 Qf8 27. Qg5 h6 28. Qf4 Na5 1-0